[Event "DOM-ch"]
[Site "Santo Domingo"]
[Date "2023.03.05"]
[Round "8"]
[White "Camacho Campusano, David Daniel"]
[Black "Arvelo Leo, Gian Carlo"]
[Result "1/2-1/2"]
[WhiteElo "2196"]
[BlackElo "2133"]
[PlyCount "55"]
[EventDate "2023.02.24"]
[EventType "swiss"]
[EventRounds "11"]
[EventCountry "DOM"]
[SourceTitle "CBM 213 Extra"]
[Source "ChessBase"]
[SourceDate "2023.05.31"]
[SourceVersion "1"]
[SourceVersionDate "2023.05.31"]
[SourceQuality "1"]

1. e4 c5 2. Nf3 e6 3. d4 cxd4 4. Nxd4 Nf6 5. Nc3 Nc6 6. g3 Qc7 7. Bg2 a6 8. 0-0 Be7 9. Re1 d6 10. Nxc6 bxc6 11. e5 dxe5 12. Rxe5 0-0 13. Re1 Nd5 14. Ne4 Bb7 15. a3 c5 16. c4 Nf6 17. Bf4 Qc8 18. Be5 Rd8 19. Qc2 Bxe4 20. Bxe4 Nxe4 21. Rxe4 Ra7 22. Rd1 Rad7 23. Rxd7 Qxd7 24. Bc3 Qd1+ 25. Qxd1 Rxd1+ 26. Re1 Rd3 27. Kf1 Bf6 28. Bxf6 1/2-1/2

[Event "Titled Tuesday intern op 21st Feb Late"]
[Site "Chess.com INT"]
[Date "2023.02.21"]
[Round "4"]
[White "Arvelo Leo, Gian Carlo"]
[Black "Gatterer, Florian"]
[Result "0-1"]
[WhiteElo "2133"]
[BlackElo "2175"]
[PlyCount "82"]
[EventDate "2023.02.21"]
[EventType "swiss (blitz)"]
[EventRounds "11"]
[EventCountry "USA"]
[SourceTitle "CBM 212 Extra"]
[Source "ChessBase"]
[SourceDate "2023.03.31"]
[SourceVersion "1"]
[SourceVersionDate "2023.03.31"]
[SourceQuality "1"]

1. Nf3 g6 2. c4 c5 3. Nc3 Bg7 4. e3 Nf6 5. d4 cxd4 6. exd4 d5 7. cxd5 Nxd5 8. Qb3 Nxc3 9. bxc3 0-0 10. Be2 Nc6 11. 0-0 b6 12. Bg5 Bb7 13. Rfe1 Rc8 14. Rad1 Na5 15. Qb4 Rc7 16. Ne5 f6 17. Bg4 Bc8 18. Nxg6 hxg6 19. Bxc8 Qxc8 20. Bf4 Rd7 21. Rxe7 Rxe7 22. Qxe7 Qe8 23. Qxa7 Qe2 24. Rf1 Nc4 25. d5 Qe4 26. Bg3 Qxd5 27. h4 Rf7 28. Qb8+ Kh7 29. Re1 Ne5 30. Qxb6 Qxa2 31. h5 gxh5 32. Qe3 Qa8 33. Bxe5 fxe5 34. Qg5 Qf8 35. Qxh5+ Kg8 36. Qh4 Rf4 37. Qg3 Qf5 38. Rd1 Kf7 39. Qe3 Bf6 40. Qa7+ Kg6 41. Rd6 Re4 0-1

[Event "Titled Tuesday intern op 21st Feb Late"]
[Site "Chess.com INT"]
[Date "2023.02.21"]
[Round "2"]
[White "Mikhalsky, Vladimir"]
[Black "Arvelo Leo, Gian Carlo"]
[Result "1-0"]
[WhiteElo "2269"]
[BlackElo "2133"]
[PlyCount "149"]
[EventDate "2023.02.21"]
[EventType "swiss (blitz)"]
[EventRounds "11"]
[EventCountry "USA"]
[SourceTitle "CBM 212 Extra"]
[Source "ChessBase"]
[SourceDate "2023.03.31"]
[SourceVersion "1"]
[SourceVersionDate "2023.03.31"]
[SourceQuality "1"]

1. d4 Nf6 2. c4 g6 3. f3 Bg7 4. e4 d6 5. Nc3 0-0 6. Be3 Nbd7 7. Qd2 c5 8. Nge2 a6 9. d5 Ne5 10. Nc1 e6 11. a4 exd5 12. cxd5 Bd7 13. a5 b5 14. axb6 Qxb6 15. Be2 Rfb8 16. Ra2 a5 17. 0-0 a4 18. h3 Qb4 19. Nd3 Nc4 20. Nxb4 Nxd2 21. Nc6 Nxf1 22. Bxf1 Rb4 23. Nxb4 cxb4 24. Nb5 Bxb5 25. Bxb5 a3 26. Bd2 Nxd5 27. exd5 Rb8 28. Bc4 axb2 29. Bd3 Rc8 30. Bxb4 Rc1+ 31. Kh2 Be5+ 32. g3 Rd1 33. Be4 f5 34. Bc2 Rc1 35. Bd3 Rd1 36. Bc2 b1Q 37. Bxb1 Rxb1 38. Ra8+ Kg7 39. Ra7+ Kf6 40. Ba5 Rb2+ 41. Kh1 Rb1+ 42. Kg2 Rb2+ 43. Kh1 Bxg3 44. Bd8+ Ke5 45. Rxh7 Rb1+ 46. Kg2 f4 47. h4 Kxd5 48. Kh3 Ke5 49. Kg4 Rg1 50. Re7+ Kd5 51. Kg5 Bf2+ 52. Kxf4 Bxh4 53. Rd7 Bxd8 54. Rxd8 Ke6 55. Re8+ Kd7 56. Rf8 Ke7 57. Rc8 Ke6 58. Ra8 Kd5 59. Ke3 Re1+ 60. Kf2 Re5 61. Ra5+ Ke6 62. Ra6 Rd5 63. Ra8 Kf5 64. Rf8+ Ke6 65. Rd8 Ke7 66. Rg8 Rg5 67. Rb8 Ke6 68. Rb7 d5 69. Ke3 Ke5 70. f4+ Kf6 71. fxg5+ Kxg5 72. Rd7 Kf6 73. Rxd5 Ke6 74. Ra5 Kf6 75. Kf4 1-0

[Event "Henriquez Urena Memorial 1st"]
[Site "Santo Domingo"]
[Date "2022.09.16"]
[Round "1"]
[White "Quesada Perez, Yasser"]
[Black "Arvelo Leo, Gian Carlo"]
[Result "1-0"]
[WhiteElo "2580"]
[BlackElo "2174"]
[PlyCount "67"]
[EventDate "2022.09.16"]
[EventType "swiss"]
[EventRounds "9"]
[EventCountry "DOM"]
[SourceTitle "CBM 210 Extra"]
[Source "ChessBase"]
[SourceDate "2022.11.30"]
[SourceVersion "1"]
[SourceVersionDate "2022.11.30"]
[SourceQuality "1"]

1. e4 c5 2. Nf3 e6 3. Nc3 Nc6 4. Bb5 Nd4 5. Bc4 Nf6 6. 0-0 d6 7. d3 Be7 8. Nxd4 cxd4 9. Ne2 e5 10. Ng3 0-0 11. f4 exf4 12. Bxf4 d5 13. Bb3 dxe4 14. dxe4 Be6 15. Nf5 Nxe4 16. Nxg7 Kxg7 17. Bxe6 fxe6 18. Qg4+ Kh8 19. Bh6 Rg8 20. Qxe4 Rg6 21. Bf4 Kg8 22. Be5 Rc8 23. Bxd4 Qd5 24. Qxd5 exd5 25. c3 Bc5 26. Rad1 b6 27. Rf5 Rd6 28. Rg5+ Kf8 29. Rf1+ Ke8 30. Rg8+ Kd7 31. Rf7+ Ke6 32. Rf6+ Ke7 33. Rg7+ Kd8 34. Rxd6+ 1-0

[Event "Titled Tuesday intern op 26th Jul Late"]
[Site "Chess.com INT"]
[Date "2022.07.26"]
[Round "1"]
[White "Jeet, Jain"]
[Black "Arvelo Leo, Gian Carlo"]
[Result "1-0"]
[WhiteElo "2167"]
[BlackElo "2176"]
[PlyCount "93"]
[EventDate "2022.07.26"]
[EventType "swiss (blitz)"]
[EventRounds "11"]
[EventCountry "USA"]
[SourceTitle "EXT 2023"]
[Source "ChessBase"]
[SourceDate "2022.10.05"]
[SourceVersion "1"]
[SourceVersionDate "2022.10.05"]
[SourceQuality "1"]

1. b3 Nf6 2. Bb2 e6 3. Nf3 b6 4. e3 Bb7 5. Be2 Be7 6. 0-0 0-0 7. c4 d5 8. d4 Na6 9. Nc3 c5 10. cxd5 Nxd5 11. Nxd5 Qxd5 12. Bc4 Qh5 13. Ne5 Qxd1 14. Raxd1 Nb4 15. a3 Nd5 16. dxc5 Bxc5 17. Nd7 Rfc8 18. Nxc5 Rxc5 19. Bd4 Rcc8 20. e4 Nf6 21. f3 Rd8 22. a4 Rac8 23. Be3 h6 24. Kf2 Nd7 25. Ke2 Ne5 26. Bb5 Rc2+ 27. Rd2 Rdxd2+ 28. Bxd2 a6 29. Bd3 Rb2 30. Bc4 Nxc4 31. bxc4 Bc6 32. Ra1 f5 33. exf5 exf5 34. Kd3 b5 35. Kc3 Rxd2 36. Kxd2 bxa4 37. Kc3 Kf7 38. Kb4 Ke6 39. Kc5 Bd7 40. Kb6 Kd6 41. c5+ Kd5 42. Rd1+ Ke6 43. c6 Bc8 44. Rd8 a3 45. Rd3 a2 46. Ra3 Kd5 47. Rxa2 1-0

[Event "American Continental 16th"]
[Site "San Salvador"]
[Date "2022.05.03"]
[Round "2"]
[White "Aspiazu Sibri, Marlon Steven"]
[Black "Arvelo Leo, Gian Carlo"]
[Result "1-0"]
[WhiteElo "1949"]
[BlackElo "2229"]
[PlyCount "79"]
[EventDate "2022.05.02"]
[EventType "swiss"]
[EventRounds "11"]
[EventCountry "ESA"]
[SourceTitle "CBM 208 Extra"]
[Source "ChessBase"]
[SourceDate "2022.07.31"]
[SourceVersion "1"]
[SourceVersionDate "2022.07.31"]
[SourceQuality "1"]

1. c4 Nf6 2. g3 g6 3. Bg2 Bg7 4. Nc3 0-0 5. e4 d6 6. Nge2 e5 7. d3 Nc6 8. 0-0 Nd7 9. Be3 Nc5 10. f4 exf4 11. gxf4 Bg4 12. d4 Nd7 13. Qd2 f5 14. e5 Nb6 15. b3 Re8 16. Rae1 Kh8 17. e6 a5 18. d5 Nb4 19. h3 Bh5 20. Ng3 Qf6 21. Nb5 Qe7 22. Nxh5 gxh5 23. Bf3 Rg8 24. Kh2 Na6 25. Rg1 h6 26. Bxh5 Raf8 27. Bd4 Bxd4 28. Qxd4+ Kh7 29. Bf7 Rxg1 30. Rxg1 Rxf7 31. exf7 Qxf7 32. Nxc7 Nxc7 33. Qxb6 Ne8 34. Qd8 b6 35. Re1 Ng7 36. Qxd6 Qh5 37. Rg1 Qf7 38. Qe5 Ne8 39. d6 Ng7 40. Rxg7+ 1-0

[Event "San Pedro de Macoris zt 2.3"]
[Site "San Pedro de Macoris"]
[Date "2022.03.24"]
[Round "7"]
[White "Arvelo Leo, Gian Carlo"]
[Black "Cardoso Cardoso, Jose Gabriel"]
[Result "0-1"]
[WhiteElo "2080"]
[BlackElo "2460"]
[PlyCount "62"]
[EventDate "2022.03.20"]
[EventType "swiss"]
[EventRounds "9"]
[EventCountry "DOM"]
[SourceTitle "EXT 2023"]
[Source "ChessBase"]
[SourceDate "2022.10.05"]
[SourceVersion "1"]
[SourceVersionDate "2022.10.05"]
[SourceQuality "1"]

1. d4 d5 2. c4 e6 3. Nc3 Bb4 4. a3 Bxc3+ 5. bxc3 c6 6. e3 Nf6 7. Bd3 e5 8. Ne2 e4 9. Bb1 dxc4 10. Ng3 Nd5 11. Bd2 f5 12. Qh5+ g6 13. Qh6 Qf6 14. 0-0 Qf8 15. Qg5 Qe7 16. Qh6 Nd7 17. f3 N7f6 18. Qh4 h6 19. fxe4 g5 20. Qh3 fxe4 21. Nf5 Bxf5 22. Rxf5 Qd7 23. Ba2 0-0-0 24. Raf1 Ne8 25. Qh5 Ng7 26. Qh3 Nxf5 27. Rxf5 Rhf8 28. Rxf8 Rxf8 29. Qxh6 Qf5 30. h3 Qf1+ 31. Kh2 Rf2 0-1

[Event "DOM-ch"]
[Site "Santo Domingo"]
[Date "2022.02.26"]
[Round "7"]
[White "Arvelo Leo, Gian Carlo"]
[Black "Araujo Sanchez, Josue"]
[Result "1/2-1/2"]
[WhiteElo "2080"]
[BlackElo "2264"]
[PlyCount "85"]
[EventDate "2022.02.18"]
[EventType "swiss"]
[EventRounds "11"]
[EventCountry "DOM"]
[SourceTitle "EXT 2023"]
[Source "ChessBase"]
[SourceDate "2022.10.05"]
[SourceVersion "1"]
[SourceVersionDate "2022.10.05"]
[SourceQuality "1"]

1. d4 Nf6 2. Bg5 c5 3. d5 Ne4 4. Bc1 e6 5. c4 Bd6 6. Nf3 0-0 7. g3 Re8 8. Bg2 Qa5+ 9. Nfd2 exd5 10. cxd5 Bf8 11. 0-0 Nxd2 12. Nxd2 d6 13. Nc4 Qa6 14. b3 b5 15. Nd2 Nd7 16. Bb2 Qb6 17. Re1 Ne5 18. Nf3 Nxf3+ 19. Bxf3 a5 20. e4 a4 21. b4 cxb4 22. Bd4 Qa5 23. Qd2 Bd7 24. Reb1 Rac8 25. a3 Rc4 26. Rxb4 Rxb4 27. Bc3 Qd8 28. Bxb4 Qf6 29. Qd1 Rc8 30. Bg2 g6 31. Rc1 Rc4 32. Rxc4 bxc4 33. Qc2 Qa1+ 34. Bf1 Bb5 35. Kg2 Qd4 36. Bc3 Qc5 37. Qb2 Bd7 38. Bd4 Qc8 39. Kg1 Bh3 40. Bxh3 Qxh3 41. Qc2 f5 42. e5 f4 43. Qe4 1/2-1/2

[Event "DOM-ch"]
[Site "Santo Domingo"]
[Date "2021.05.23"]
[Round "11"]
[White "Arvelo Leo, Gian Carlo"]
[Black "Mesa Cruz, Juan Carlos"]
[Result "0-1"]
[WhiteElo "2115"]
[BlackElo "1978"]
[PlyCount "104"]
[EventDate "2021.05.07"]
[EventType "swiss"]
[EventRounds "11"]
[EventCountry "DOM"]
[SourceTitle "CBM 203 Extra"]
[Source "ChessBase"]
[SourceDate "2021.09.30"]
[SourceVersion "1"]
[SourceVersionDate "2021.09.30"]
[SourceQuality "1"]

1. d4 d6 2. c4 e5 3. Nf3 Nd7 4. Nc3 exd4 5. Nxd4 g6 6. g3 Bg7 7. Bg2 Ngf6 8. 0-0 0-0 9. e4 Nc5 10. Nb3 Nxb3 11. axb3 a5 12. h3 c6 13. Bf4 Ne8 14. Be3 f5 15. Qd2 Qf6 16. Rad1 fxe4 17. Bd4 Qxd4 18. Qxd4 Bxd4 19. Rxd4 Ra6 20. Nxe4 Rb6 21. c5 dxc5 22. Nxc5 Rb5 23. Rc1 Rf5 24. Rd8 Kf7 25. Re1 Rfxc5 26. Rdxe8 Rc1 27. Bf1 Rxe1 28. Rxe1 Rb4 29. Bc4+ Kf6 30. g4 b5 31. Bg8 Kg7 32. Re8 Bd7 33. Rd8 Re4 34. Rxd7+ Kxg8 35. Kf1 Rb4 36. Rd3 c5 37. Ke2 c4 38. bxc4 Rxb2+ 39. Rd2 Rxd2+ 40. Kxd2 bxc4 41. Kc3 Kf7 42. Kxc4 Ke6 43. f4 a4 44. Kb4 Kd5 45. Kxa4 Ke4 46. f5 gxf5 47. gxf5 Kxf5 48. Kb4 Kg5 49. Kc4 Kh4 50. Kd4 Kxh3 51. Ke4 Kg3 52. Ke3 h5 0-1